Single-Parent Sitcoms - Statistics

General Stats
  • This quiz has been taken 39 times
  • The average score is 16 of 30
Answer Stats
Hint Answer % Correct
Widowed San Francisco TV host raises his three girls with the help of his brother-in-law and goofy best friend. Full House
80%
Wealthy Park Avenue businessman adopts two African-American brothers and raises them along with his teenage daughter. Diff'rent Strokes
77%
Indiana divorcée raises her two teenage girls despite the unsolicited advice of her apartment's building superintendent. One Day at a Time
73%
Watts widower and his adult son struggle to make it big in the junk business. Sanford and Son
73%
Widowed architect, with three kids and a housekeeper, plays a hunch and marries a beautiful widow, who also has three kids. Hijinks ensue. The Brady Bunch
73%
California widow raises her five children alone. It all comes together when she joins the kid's rock band. The Partridge Family
73%
Brooklyn widower moves his young daughter to Connecticut where he takes a job as a live-in housekeeper for a widowed advertising executive, her young son and her man-crazy mother. Who's the Boss?
73%
Widowed North Carolina lawman raises his young son with the help of his spinster aunt. The Andy Griffith Show
70%
New York widow's car breaks down in Phoenix en route to Los Angeles. Finds work in a local diner and raises her son with the help of her co-workers and grouchy boss. Alice
63%
Bachelor sea captain discovers the young daughter he never knew he had. Makes her one of the crew of his swinging cruise ship. The Love Boat
63%
Widowed Florida state park ranger raises his two sons with the help of their aquatic best friend. Flipper
60%
After her mother dies, a 12-year-old girl is raised by bachelor former rivals for her mother's affections, as one of them could be the girl's biological father. My Two Dads
60%
Widowed aeronautical engineer raises his three boys (and later adopts a fourth) with the help of their grumpy maternal grandfather, and later, their irascible great-uncle. My Three Sons
57%
Widowed college math teacher raises his three young children with the help of their mystical, magical English "nurse." Nanny and the Professor
57%
Thrice-widowed father lives with his three boys on their sprawling Nevada ranch with help from their excitable Chinese cook. Bonanza
53%
"Sassy" red-headed divorcée lives in a Texas suburb with her three kids, son-in-law and granddaughter with very little help from her dentist ex-husband, who lives next door. Reba
53%
Bachelor New York engineer raises his late brother's three orphaned kids with the help of his British "Gentleman's gentleman." Family Affair
50%
Widowed Los Angeles magazine publisher raises his young son with the help of their Japanese housekeeper. The Courtship of Eddie's Father
47%
New York widow moves her two sons to her father's California ranch, finds work at a magazine in San Francisco. Que sera, sera. The Doris Day Show
47%
In a popular spinoff of a sitcom set in the same town, another North Carolina widower raises his young son with the help of his housekeeper(s). His sweetheart is played by Arlene Galonka. Mayberry R.F.D.
43%
A zany widow and her divorcée best friend (a television first!) share a house and raise three kids together The Lucy Show
43%
Widowed innkeeper raises her three daughters (or was it six?) with the help of their lazy great-uncle. Pettitcoat Junction
40%
Widowed freelance writer raises two kids (and their scruffy dog) on the rocky coast of Maine with the help of her housekeeper and a "spirited" housemate. The Ghost and Mrs. Muir
37%
In a spinoff of a hugely popular sitcom, a Minneapolis widow and her daughter move to San Francisco to live with her eccentric in-laws. Phyllis
33%
Widowed African-American nurse (another television first!) raises her young son alone after her Army pilot husband is shot down over Vietnam. Julia
30%
Beverly Hills bachelor raises his orphaned teenage niece with the help of his Chinese butler. Bachelor Father
27%
Wise-cracking Missouri divorcée goes to work at an oil refinery to support her three kids. Grace Under Fire
27%
Rural widower moves to the city to raise his daughter and nephew with the help of his widowed mother-in-law. The Beverly Hillbillies
27%
Old West widowed rancher raises his son alone. Nice guy, but he shoots about 120 people over the show's five-year run. The Rifleman
27%
Red-headed widow raises her two (real life) teens in L.A. Works at her brother-in-law's "unique" employment agency. Here's Lucy
20%
No matching quizzes found
Score Distribution
Percent of People with Each Score
Percentile by Number Answered
Your Score History
You have not taken this quiz